[Event "Surabaya Zindgani Cup op"]
[Site "Surabaya"]
[Date "2018.11.11"]
[Round "8"]
[White "Hamidi, Mukhlis"]
[Black "Laksana, Agusta"]
[Result "0-1"]
[WhiteElo "1982"]
[BlackElo "2259"]
[PlyCount "56"]
[EventDate "2018.11.07"]
[EventType "swiss"]
[EventRounds "9"]
[EventCountry "INA"]
[SourceTitle "EXT 2020"]
[Source "ChessBase"]
[SourceDate "2019.10.17"]
[SourceVersion "1"]
[SourceVersionDate "2019.10.17"]
[SourceQuality "1"]

1. e4 c5 2. Nf3 e6 3. d4 cxd4 4. Nxd4 a6 5. Bd3 Nf6 6. 0-0 Qc7 7. Qe2 Nc6 8. Nxc6 dxc6 9. a4 e5 10. a5 Bg4 11. f3 Be6 12. c3 Bc5+ 13. Be3 Bxe3+ 14. Qxe3 0-0 15. c4 Rad8 16. Be2 Qe7 17. Qa3 Qc7 18. Qe3 Qe7 19. Qa3 Qc7 20. Qe3 Qe7 21. c5 Rd4 22. Rc1 Rfd8 23. g3 Bh3 24. Ra3 Qd7 25. Nc3 h6 26. Rd1 Rxd1+ 27. Bxd1 Qd2 28. Qf2 Qxd1+ 0-1

[Event "Surabaya Zindgani Cup op"]
[Site "Surabaya"]
[Date "2018.11.09"]
[Round "4"]
[White "Dicky, Aditya"]
[Black "Laksana, Agusta"]
[Result "0-1"]
[WhiteElo "1768"]
[BlackElo "2259"]
[PlyCount "62"]
[EventDate "2018.11.07"]
[EventType "swiss"]
[EventRounds "9"]
[EventCountry "INA"]
[SourceTitle "EXT 2020"]
[Source "ChessBase"]
[SourceDate "2019.10.17"]
[SourceVersion "1"]
[SourceVersionDate "2019.10.17"]
[SourceQuality "1"]

1. e4 c5 2. Nf3 e6 3. d4 cxd4 4. Nxd4 a6 5. Bd3 Nf6 6. 0-0 Qc7 7. Qe2 d6 8. c4 Nc6 9. Be3 Nb4 10. h3 b6 11. Nd2 Nxd3 12. Qxd3 Bb7 13. Rfe1 Be7 14. b4 0-0 15. f4 Rac8 16. f5 Rfe8 17. fxe6 Bf8 18. exf7+ Qxf7 19. N4f3 Nxe4 20. Bxb6 Qg6 21. Nxe4 Bxe4 22. Qb3 d5 23. c5 Be7 24. Red1 Rf8 25. Ne1 Rf5 26. a4 Rcf8 27. Ra2 Bh4 28. Kh2 Rf1 29. Bc7 Bxe1 30. Qe3 R8f2 31. Bg3 Rxa2 0-1

[Event "Jakarta Indonesia op 2nd"]
[Site "Jakarta"]
[Date "2012.10.16"]
[Round "8"]
[White "Laksana, Agusta"]
[Black "Sonjaya, Deni"]
[Result "1/2-1/2"]
[WhiteElo "2305"]
[BlackElo "2284"]
[PlyCount "61"]
[EventDate "2012.10.11"]
[EventType "swiss"]
[EventRounds "9"]
[EventCountry "INA"]
[SourceTitle "EXT 2013"]
[Source "ChessBase"]
[SourceDate "2012.11.22"]
[SourceVersion "1"]
[SourceVersionDate "2012.11.22"]
[SourceQuality "1"]

1. d4 Nf6 2. Nf3 g6 3. g3 Bg7 4. Bg2 0-0 5. 0-0 d6 6. c4 Nc6 7. Nc3 a6 8. Bg5 h6 9. Bxf6 Bxf6 10. e3 Bg7 11. Rc1 Bg4 12. h3 Bxf3 13. Qxf3 Rb8 14. Qe2 e5 15. d5 Ne7 16. e4 c5 17. b3 Qd7 18. a4 a5 19. Nb5 b6 20. Rcd1 Nc8 21. Kh2 Na7 22. Nxa7 Qxa7 23. Qd2 Qe7 24. Rde1 Rbd8 25. Rd1 Qg5 26. Qxg5 hxg5 27. g4 f5 28. f3 fxe4 29. fxe4 Rf4 30. Rxf4 exf4 31. Bf3 1/2-1/2

[Event "Jakarta Indonesia op 2nd"]
[Site "Jakarta"]
[Date "2012.10.12"]
[Round "2"]
[White "Laksana, Agusta"]
[Black "Ali, Sadikin"]
[Result "1-0"]
[WhiteElo "2305"]
[BlackElo "2167"]
[PlyCount "63"]
[EventDate "2012.10.11"]
[EventType "swiss"]
[EventRounds "9"]
[EventCountry "INA"]
[SourceTitle "EXT 2013"]
[Source "ChessBase"]
[SourceDate "2012.11.22"]
[SourceVersion "1"]
[SourceVersionDate "2012.11.22"]
[SourceQuality "1"]

1. c4 Nf6 2. Nc3 d5 3. cxd5 Nxd5 4. Nf3 g6 5. g3 Bg7 6. Bg2 c6 7. 0-0 0-0 8. Qb3 Na6 9. d4 Nb6 10. Bf4 Be6 11. Qc2 Nb4 12. Qc1 Bc4 13. Bh6 N4d5 14. Re1 Nxc3 15. bxc3 a5 16. e4 Nd7 17. Bxg7 Kxg7 18. Nd2 Ba6 19. e5 Qc7 20. Qa3 Rae8 21. f4 e6 22. Ne4 c5 23. Nd6 Rb8 24. Qc1 h5 25. Qe3 Rh8 26. Rad1 b5 27. d5 c4 28. dxe6 fxe6 29. f5 Nf8 30. Qg5 Qd8 31. f6+ Kg8 32. Be4 1-0

[Event "Jakarta Indonesia op 1st"]
[Site "Jakarta"]
[Date "2011.10.17"]
[Round "6"]
[White "Laksana, Agusta"]
[Black "Tedy, Sukirman"]
[Result "1-0"]
[WhiteElo "2316"]
[BlackElo "2239"]
[PlyCount "115"]
[EventDate "2011.10.13"]
[EventType "swiss"]
[EventRounds "9"]
[EventCountry "INA"]
[SourceTitle "EXT 2012"]
[Source "ChessBase"]
[SourceDate "2011.11.24"]
[SourceVersion "1"]
[SourceVersionDate "2011.11.24"]
[SourceQuality "1"]

1. e4 e5 2. Nf3 Nc6 3. Bb5 a6 4. Ba4 Nf6 5. 0-0 b5 6. Bb3 Bc5 7. d3 d6 8. h3 0-0 9. c3 Ba7 10. Re1 Na5 11. Bc2 c5 12. Nbd2 Nc6 13. Nf1 Ne7 14. Ng3 Ng6 15. Bg5 h6 16. Be3 Qc7 17. Qd2 Kh7 18. Rad1 Rb8 19. d4 Bb7 20. d5 Bc8 21. Nf5 Ng8 22. g4 f6 23. Kh1 Rb7 24. Rg1 c4 25. Rg2 Bxe3 26. fxe3 N6e7 27. Rdg1 g6 28. Qe1 Qd8 29. Ng3 Bd7 30. Nh2 Nc8 31. h4 Nb6 32. Bd1 Bc8 33. Ngf1 Kh8 34. Nd2 Nd7 35. Be2 Nc5 36. b3 cxb3 37. axb3 Rc7 38. b4 Na4 39. c4 bxc4 40. Nxc4 Qe7 41. Na5 Qd7 42. Bd3 Ne7 43. Rf2 Kg7 44. Rgf1 Nb6 45. g5 hxg5 46. hxg5 f5 47. Kg1 Rh8 48. exf5 gxf5 49. Bxf5 Nxf5 50. Rxf5 Qe8 51. Rf6 Qh5 52. Qg3 Qh3 53. Qf2 Qh5 54. Rxd6 Qxg5+ 55. Kh1 Bg4 56. Rxb6 e4 57. Qb2+ Kh7 58. Rg1 1-0

[Event "Jakarta Indonesia op 1st"]
[Site "Jakarta"]
[Date "2011.10.14"]
[Round "2"]
[White "Laksana, Agusta"]
[Black "Farid, Firman Syah"]
[Result "1/2-1/2"]
[WhiteElo "2316"]
[BlackElo "2241"]
[PlyCount "116"]
[EventDate "2011.10.13"]
[EventType "swiss"]
[EventRounds "9"]
[EventCountry "INA"]
[SourceTitle "EXT 2012"]
[Source "ChessBase"]
[SourceDate "2011.11.24"]
[SourceVersion "1"]
[SourceVersionDate "2011.11.24"]
[SourceQuality "1"]

1. e4 c5 2. Nf3 d6 3. d4 cxd4 4. Nxd4 Nf6 5. Nc3 g6 6. f4 Nc6 7. Nxc6 bxc6 8. e5 Nd7 9. Bc4 Nb6 10. Bb3 Bg7 11. 0-0 0-0 12. a4 Ba6 13. Re1 Nc4 14. Bxc4 Bxc4 15. b3 Be6 16. Bb2 Qa5 17. Qe2 Rfd8 18. Rad1 dxe5 19. Rxd8+ Rxd8 20. fxe5 Bf5 21. h3 h5 22. Kh1 Rd7 23. Ba1 Qc5 24. Bb2 Qd4 25. Nd1 Qf4 26. Bc3 Rd5 27. b4 h4 28. Rf1 Qg3 29. Rf3 Qg5 30. Ne3 Rd8 31. Nxf5 gxf5 32. b5 cxb5 33. axb5 Rd5 34. Rd3 Rxd3 35. cxd3 Qc1+ 36. Qe1 Qc2 37. Bb4 Qxd3 38. Bxe7 Qxb5 39. Bf6 Bxf6 40. exf6 Qa4 41. Qc1 f4 42. Qe1 Kh7 43. Qxh4+ Kg6 44. Qg4+ Kxf6 45. Qh4+ Ke6 46. Qg4+ Kd6 47. Qg7 Ke6 48. Qg4+ Ke5 49. Qg5+ f5 50. Qe7+ Kd4 51. h4 a5 52. Kh2 Kd3 53. Qd6+ Ke3 54. Qe5+ Kf2 55. Qxf5 Qd4 56. Qxa5 f3 57. Qa2+ Ke1 58. Qb1+ Ke2 1/2-1/2

[Event "Jakarta Indonesia op 1st"]
[Site "Jakarta"]
[Date "2011.10.14"]
[Round "3"]
[White "Margana, Adhy"]
[Black "Laksana, Agusta"]
[Result "0-1"]
[WhiteElo "2204"]
[BlackElo "2316"]
[PlyCount "102"]
[EventDate "2011.10.13"]
[EventType "swiss"]
[EventRounds "9"]
[EventCountry "INA"]
[SourceTitle "EXT 2012"]
[Source "ChessBase"]
[SourceDate "2011.11.24"]
[SourceVersion "1"]
[SourceVersionDate "2011.11.24"]
[SourceQuality "1"]

1. e4 c5 2. Nf3 e6 3. c3 d6 4. d4 Nd7 5. Bd3 Ngf6 6. 0-0 Be7 7. Re1 e5 8. d5 0-0 9. Nbd2 Nh5 10. Nf1 Nf4 11. Bc2 Nb6 12. Ng3 g6 13. a4 a5 14. b4 Nd7 15. bxc5 Nxc5 16. Nd4 Bf6 17. Nb5 Bg7 18. Be3 b6 19. Qd2 Ba6 20. Rab1 Qd7 21. f3 h5 22. Ne2 Nxe2+ 23. Rxe2 f5 24. exf5 gxf5 25. Bh6 f4 26. Bxg7 Kxg7 27. Kh1 h4 28. Qe1 Qe7 29. Rd2 Bxb5 30. Rxb5 Rab8 31. Rd1 Rh8 32. Rdb1 Qd8 33. R1b2 Rh5 34. Qb1 h3 35. gxh3 Qh4 36. Rxb6 Rxb6 37. Rxb6 Rg5 38. Qf1 e4 39. Rxd6 exf3 40. c4 f2 41. Qa1+ Kg8 42. Rd8+ Kf7 43. Rf8+ Kxf8 44. Qf6+ Ke8 45. Bg6+ Rxg6 46. Qxg6+ Ke7 47. Qg7+ Kd6 48. Qf8+ Ke5 49. Qe8+ Kd4 50. Qe2 Nd3 51. Kg2 f3+ 0-1

[Event "Jakarta Telin op"]
[Site "Jakarta"]
[Date "2011.04.03"]
[Round "3"]
[White "Barua, Dibyendu"]
[Black "Laksana, Agusta"]
[Result "1-0"]
[WhiteElo "2468"]
[BlackElo "2353"]
[PlyCount "95"]
[EventDate "2011.04.01"]
[EventType "swiss"]
[EventRounds "9"]
[EventCountry "INA"]
[SourceTitle "CBM 141 Extra"]
[Source "ChessBase"]
[SourceDate "2011.05.03"]
[SourceVersion "1"]
[SourceVersionDate "2011.05.03"]
[SourceQuality "1"]

1. e4 c5 2. Nf3 e6 3. d4 cxd4 4. Nxd4 a6 5. Bd3 Nf6 6. 0-0 Qc7 7. Qe2 d6 8. c4 Nbd7 9. b3 b6 10. Bb2 Bb7 11. Nd2 Be7 12. f4 g6 13. Rae1 e5 14. Nc2 0-0 15. f5 Nh5 16. g3 Nhf6 17. Ne3 Nc5 18. Bb1 Ncxe4 19. Nxe4 Nxe4 20. Bxe4 Bxe4 21. f6 Bd8 22. Qg4 Bb7 23. Qg5 Qc6 24. Nd5 Qc5+ 25. Rf2 Bxd5 26. cxd5 b5 27. Rc1 Qxd5 28. Qh6 Bxf6 29. Rxf6 Rac8 30. Rff1 Rxc1 31. Qxc1 Qb7 32. Qd2 Qb6+ 33. Qf2 Rb8 34. Qxb6 Rxb6 35. Rf6 e4 36. Be5 Rc6 37. Rxd6 Rxd6 38. Bxd6 f5 39. Kf2 Kf7 40. Ke3 Ke6 41. Bf4 Kd5 42. Bh6 a5 43. Bg7 a4 44. h4 Kc5 45. Bf8+ Kd5 46. Kd2 axb3 47. axb3 Kd4 48. Bh6 1-0

[Event "Jakarta Telin op"]
[Site "Jakarta"]
[Date "2011.04.03"]
[Round "4"]
[White "Laksana, Agusta"]
[Black "Panggabean, Hasian"]
[Result "0-1"]
[WhiteElo "2353"]
[BlackElo "2191"]
[PlyCount "115"]
[EventDate "2011.04.01"]
[EventType "swiss"]
[EventRounds "9"]
[EventCountry "INA"]
[SourceTitle "CBM 141 Extra"]
[Source "ChessBase"]
[SourceDate "2011.05.03"]
[SourceVersion "1"]
[SourceVersionDate "2011.05.03"]
[SourceQuality "1"]

1. e4 e6 2. d4 d5 3. e5 c5 4. c3 Nc6 5. Nf3 Bd7 6. dxc5 Bxc5 7. Bd3 Nge7 8. 0-0 Ng6 9. Qe2 Bb6 10. Na3 Bc7 11. Bxg6 hxg6 12. Nb5 a6 13. Nxc7+ Qxc7 14. Bf4 Rc8 15. Bg3 Ne7 16. Nd4 Nf5 17. Rfd1 Qb6 18. Rd2 Rc4 19. Rad1 Qc7 20. Nxf5 gxf5 21. Rd4 Rxd4 22. Rxd4 Qa5 23. a3 Qb5 24. Qd2 Bc6 25. Rb4 Qc5 26. Qg5 Qf8 27. Bh4 Kd7 28. f3 Rh6 29. Qe3 Rh8 30. Bf2 Qb8 31. Qg5 Qf8 32. Bb6 g6 33. h3 Qe7 34. Qe3 Rh4 35. Bc5 Qe8 36. f4 Rh5 37. Bd6 g5 38. Qa7 Qc8 39. Kf2 g4 40. hxg4 fxg4 41. Kg3 f5 42. Rb6 Qd8 43. Rxb7+ Bxb7 44. Qxb7+ Ke8 45. Kf2 Rh1 46. Qc6+ Kf7 47. Qb7+ Kg8 48. Be7 Rh7 49. Bxd8 Rxb7 50. b4 Kf7 51. Ke3 Ke8 52. Bg5 Rc7 53. Kd3 Kd7 54. c4 Rxc4 55. g3 a5 56. bxa5 Ra4 57. Bf6 Rxa5 58. Bg5 0-1

[Event "Kuala Lumpur op 7th"]
[Site "Kuala Lumpur"]
[Date "2010.09.04"]
[Round "5"]
[White "Laksana, Agusta"]
[Black "Abdullah, Al Saif"]
[Result "1-0"]
[WhiteElo "2373"]
[BlackElo "2125"]
[PlyCount "49"]
[EventDate "2010.09.01"]
[EventType "swiss"]
[EventRounds "9"]
[EventCountry "MAS"]
[SourceTitle "CBM 138 Extra"]
[Source "ChessBase"]
[SourceDate "2010.10.29"]
[SourceVersion "1"]
[SourceVersionDate "2010.10.29"]
[SourceQuality "1"]

1. e4 d5 2. exd5 Qxd5 3. Nc3 Qa5 4. Bc4 Nf6 5. d4 c6 6. Nf3 Bf5 7. 0-0 e6 8. Bd2 Qc7 9. Qe2 Bb4 10. d5 Bxc3 11. dxe6 Bxd2 12. exf7+ Kf8 13. Qxd2 b5 14. Bb3 a5 15. Qg5 Bg6 16. Rfe1 Bxf7 17. Qc5+ Kg8 18. Re7 Na6 19. Bxf7+ Kf8 20. Rxc7+ Nxc5 21. Ng5 h6 22. Ne6+ Nxe6 23. Bxe6 Rd8 24. Re1 Nd5 25. Rf7+ 1-0

[Event "Kuala Lumpur op 7th"]
[Site "Kuala Lumpur"]
[Date "2010.09.04"]
[Round "6"]
[White "Xiu, Deshun"]
[Black "Laksana, Agusta"]
[Result "1/2-1/2"]
[WhiteElo "2521"]
[BlackElo "2373"]
[PlyCount "151"]
[EventDate "2010.09.01"]
[EventType "swiss"]
[EventRounds "9"]
[EventCountry "MAS"]
[SourceTitle "CBM 138 Extra"]
[Source "ChessBase"]
[SourceDate "2010.10.29"]
[SourceVersion "1"]
[SourceVersionDate "2010.10.29"]
[SourceQuality "1"]

1. d4 Nf6 2. c4 c5 3. d5 e6 4. Nc3 exd5 5. cxd5 d6 6. Nf3 g6 7. h3 Bg7 8. Bf4 0-0 9. e3 Na6 10. Nd2 Nh5 11. Bh2 f5 12. Be2 Nf6 13. Nc4 Ne8 14. 0-0 Nac7 15. a4 b6 16. Qb3 Bb7 17. Bf3 Rf7 18. Rad1 Ba6 19. Rfe1 Bxc4 20. Qxc4 a6 21. b4 b5 22. Qb3 c4 23. Qc2 Bxc3 24. Qxc3 bxa4 25. Qxc4 Nb5 26. Ra1 Rc8 27. Qd3 a3 28. e4 Rc3 29. Qd2 fxe4 30. Bxe4 Nec7 31. Bf4 Rb3 32. Bg5 Qd7 33. Rac1 Rb2 34. Rc2 Rxc2 35. Qxc2 Qc8 36. Qd2 Qf8 37. Bd3 Qg7 38. Bh6 Qf6 39. Bxb5 axb5 40. Re3 Qa1+ 41. Kh2 Qb2 42. Qe1 Qxf2 43. Qxf2 Rxf2 44. Rxa3 Kf7 45. Kg3 Rc2 46. Rf3+ Ke8 47. Rf8+ Ke7 48. Rh8 Nxd5 49. Rxh7+ Ke6 50. Rb7 Nxb4 51. Rxb5 Nc6 52. Rg5 Ne7 53. Kf3 Nf5 54. g4 Rc3+ 55. Kf4 Nh4 56. Ra5 Rxh3 57. Ra7 Nf3 58. Bg5 Ne5 59. Re7+ Kd5 60. Bf6 Rf3+ 61. Kg5 Nxg4 62. Bb2 Ne5 63. Re8 Rf5+ 64. Kh4 g5+ 65. Kh5 g4+ 66. Kh4 Rf3 67. Bxe5 dxe5 68. Kxg4 Rf4+ 69. Kg3 Ke4 70. Ra8 Rf3+ 71. Kg2 Rb3 72. Kf2 Rb2+ 73. Ke1 Kf4 74. Ra1 e4 75. Ra3 Rh2 76. Rb3 1/2-1/2